Африканские города - Армагеддон - Statistics

General Stats
  • This quiz has been taken 95 times
  • The average score is 23 of 50
Answers on the Grid
Answers color-coded by a green-red scale on the quiz's grid according to % correct below.
Каир
Найроби
Актау
Шираз
Луанда
Касабланка
Дакар
Коканд
Лагос
Кейптаун
Хомс
Марракеш
Тромсё
Пуна
Бамако
Антананариву
Кобе
Пусан
Сурабая
Яунде
Кайсери
Александрия
Малабо
Банжул
Куско
Андижан
Порто-Ново
Бухара
Танжер
Хартум
Амберг
Лилль
Наблус
Порт-Саид
Льеж
Кано
Газа
Бургас
Либревиль
Монровия
Асмэра
Киншаса
Самсун
Исфахан
Абиджан
Манагуа
Куритиба
Кигали
Гвадалахара
Тусон
Ломе
Агадир
Кито
Джуба
Вифлеем
Порт-о-Пренс
Могадишо
Аддис-Абеба
Оран
Хараре
Нукус
Браззавиль
Момбаса
Луксор
Эрзурум
Хива
Претория
Дебрецен
Патры
Фамагуста
Анкона
Бенгази
Фес
Пула
Тарту
Маниса
Порт-Луи
Дижон
Струга
Аккра
Триполи
Габороне
Эдинбург
Лахор
Абуджа
Сеговия
Вантаа
Мекнес
Виндхук
Ольборг
Нуук
Гренобль
Шуша
Йоханнесбург
Инсбрук
Рабат
Мапуту
Брно
Дурбан
Кампала
 
Answer Stats
Answer % Correct
Каир
97%
Найроби
86%
Дакар
83%
Кейптаун
80%
Антананариву
73%
Александрия
73%
Луанда
71%
Лагос
66%
Касабланка
64%
Марракеш
63%
Яунде
63%
Аддис-Абеба
59%
Киншаса
58%
Могадишо
58%
Хартум
56%
Либревиль
56%
Монровия
56%
Малабо
53%
Претория
53%
Бамако
51%
Асмэра
51%
Хараре
49%
Йоханнесбург
49%
Браззавиль
47%
Банжул
46%
Порто-Ново
46%
Абуджа
46%
Абиджан
44%
Аккра
44%
Кигали
42%
Ломе
42%
Габороне
42%
Джуба
41%
Триполи
41%
Рабат
39%
Мапуту
39%
Порт-Луи
34%
Кампала
34%
Момбаса
32%
Виндхук
32%
Танжер
24%
Порт-Саид
24%
Луксор
22%
Дурбан
22%
Фес
20%
Бенгази
17%
Кано
14%
Агадир
7%
Оран
7%
Мекнес
5%
No matching quizzes found
Score Distribution
Percent of People with Each Score
Percentile by Number Answered
Your Score History
You have not taken this quiz